000
00315nam a2200133 a 4500
001
4144
005
20140414131908.0
008
090317s19uu xx 00 eng d
050
_a
ER
_b
Fr92 1995
100
_a
Bryant, Robyn
245
_a
The Frog prince.
260
_a
Hongkong :
_b
Tormont,
_c
1995.
999
_c
111077
_d
111077